000 01035cam a22002897a 4500
005 20220329141149.0
008 971010s1988 r 00010 d
010 _a63690
011 _a64662
035 _a70631
082 _a634.956
_bN54
100 0 0 _aNiembro Rocas, Aníbal.
_981243
245 0 _aSemillas de árboles y arbustos
_b: ontogenia y estructura
260 _aMéxico, D. F. :
_bLimusa,
_c1988
300 _a285 p
590 _aBATCH-UPD
_b10
_c20130110
_lUCH01
_h1806
590 _aBATCH-UPD
_b10
_c20130410
_lUCH01
_h1141
590 _aBATCH-UPD
_b10
_c20130914
_lUCH01
_h1839
590 _aCONVERSION
_b10
_c20130109
_lUCH01
_h1334
650 1 4 _aArbustos
_xSemilla.
_96744
650 1 4 _aSemillas forestales.
_9103935
901 _aBK
949 _a634.956 N54
_bZA
_cLIBRO
_d-3004
_eLIBRO
_h5393
_i70631
_si
949 _a634.956 N54
_bZA
_cLIBRO
_d-45275
_eLIBRO
_fc.2
_h5394
_i70631
_si
949 _a634.956 N54
_bZA
_cLIBRO
_d-45277
_eLIBRO
_fc.3
_h5395
_i70631
_si
949 _a634.956 N54
_bZA
_cLIBRO
_d-45278
_eLIBRO
_fc.4
_h5396
_i70631
_si
999 _c63690
_d63690